LEADER 01617nam a2200265 i 4500 001 000000153838 003 CaOOAMICUS 005 20230915163025.0 008 090331s1974 it u000 u mul u 040 $aSeMil$bita 100 1 $aValsecchi, Tarcisio.$0(OLS)http://semarc/name/45274 245 13$aLa Parrocchia di S. Fermo in Cesana Brianza con Suello al tempo di S. Carlo :$bgli Atti della Visita Pastorale di San Carlo Borromeo e l'epistolario di Gerolamo Nobili con la presentazione dettata dal Prof. Giulio Vismara dell'Università di Milano /$cTarcisio Valsecchi. 260 $aCesana Brianza (CO) :$b[s.n.],$c1974. 300 $a104 p., [2] c. di tav. ;$c31 cm. 500 $aIn testa al front. : Dedica autografa dell'Autore. - Fondo Card. Giovanni Colombo. 650 4$aSuello.$0(OLS)http://semarc/subject/40230 650 4$aBorromeo, Carlo - Visite pastorali.$0(OLS)http://semarc/subject/4909 650 4$aCesana Brianza - Chiese - San Fermo.$0(OLS)http://semarc/subject/30093 850 $aSeMil 852 $aSeMil$W1$xVenegono$y1$m5H IX 55$j105723$B105723$CSeMilBibl$Z2$F140660 $8I 941 1 $a3 961 $aLascito: Colombo Card. Giovanni 996 $6245$aLa Parrocchia di S. Fermo in Cesana Brianza con Suello al tempo di S. Carlo :$bgli Atti della Visita Pastorale di San Carlo Borromeo e l'epistolario di Gerolamo Nobili con la presentazione dettata dal Prof. Giulio Vismara dell'Università di Milano$9(OLS)http://semarc/title/225087 996 $6260$aCesana Brianza (CO) :$b[s.n.]$9(OLS)http://semarc/publisher/48097 LEADER 00977nam a2200241 4500 001 000000343475 003 CaOOAMICUS 005 20250521143217.0 008 201221s1967 it a 000 u ita r 040 $aSeMil$bita 100 1 $aRiasanovsky, Nicholas Valentine,$d<1923-2011>.$0(OLS)http://semarc/name/92920 240 12$aA history of Russia.$0(OLS)http://semarc/title/432448 245 10$aStoria della Russia /$cNicholas V. Rjasanovskij. 264 1$aMilano :$bGarzanti,$c1967. 300 $a710 p., [24] c. di tav. :$bill. ;$c25 cm 490 1 $aCollezione maggiore 650 4$aRussia - Storia.$0(OLS)http://semarc/subject/2443 830 0$aCollezione Maggiore.$0(OLS)http://semarc/title/8746 850 $aSeMil 852 $aSeMil$W1$xVenegono$y1$m3W V 3$j257359$B234456$CSeMilBibl$Z2$F234456 $81 996 $6245$aStoria della Russia$9(OLS)http://semarc/title/19701 996 $6264$aMilano :$bGarzanti$9(OLS)http://semarc/publisher/29852